Nákupné správanie na trhu s ekologickými produktmi diplomová práca

Saved in:
Bibliographic Details
Main Author: Vasilíková, Zuzana
Corporate Author: Podnikovohospodárska fakulta EU so sídlom v Košiciach. Katedra marketingu a obchodu
Other Authors: Urblíková, Daniela
Format: Book
Language:Slovak
Published: Košice 2014
Tags: Add Tag
No Tags, Be the first to tag this record!

MARC

LEADER 00000nbm a2200000 4500
001 0187030
005 20170201084705.5
041 0 |a slo 
044 |a SK 
245 1 0 |a Nákupné správanie na trhu s ekologickými produktmi  |b diplomová práca  |c Zuzana Vasilíková ; školiteľ: Daniela Urblíková 
264 1 |a Košice  |c 2014 
300 |a 82 s. 
100 1 |a Vasilíková, Zuzana 
700 1 |a Urblíková, Daniela 
710 2 |a Podnikovohospodárska fakulta EU so sídlom v Košiciach. Katedra marketingu a obchodu